000 01216nam a2200337 i 4500
003 EG-GICUC
005 20260121101452.0
008 251211m19951996ua ||||f |||| 00| 0 ara d
017 _a955933
020 _a977103446X
040 _a EG-GICUC
_bara
_c EG-GICUC
_d EG-GICUC
_erda
041 _aara
082 0 4 _221
_a343.6
_bر م . ج
092 0 4 _221
099 _aLaw1 10 343.6 ر م . ج 1996
100 0 _aرمسيس بهنام
_eمؤلف.
245 1 2 _aالجريمة والمجرم فى الواقع الكونى /
_cرمسيس بهنام،
264 1 _aالإسكندرية :
_bمنشأت المعارف،
_c1996.
300 _a481 صفحة ؛
_c24 سم.
336 _2rda content
_atext
337 _2rda media
_aComputer
338 _2rda carrier
_aOnline Resource
504 _aيحتوي على ارجاعات ببليوجرافية
546 _aالنص أغلبه باللغة العربية بعض النصوص الإنجليزية والفرنسية
650 1 4 _aعلم الإجرام
_2qrmak
650 1 4 _aالواقع الكونى
_2qrmak
651 1 _2qrmak
856 4 0 _uhttps://fll.law.cu.edu.eg/fulltext/bks/B10-07182.pdf
905 _a75
_eHassnaa
942 _2ddc
_cBK
_e21
_n0
999 _c49853
_d49853